Samochody Brytyjskie - Statystyki

Ogólne statystyki
  • Ten quiz został rozwiązany 66 razy
  • Średni wynik to 4 z 9
Statystyki odpowiedzi
Marki % Poprawnych
Aston Martin
77%
Rolls-Royce
63%
Bentley
61%
Jaguar
56%
Mini
49%
McLaren
44%
Lotus
28%
Range Rover
28%
Morgan
5%
Nie znaleziono quizów pasujących do podanych kryteriów
Rozkład punktacji
Procent ludzi z każdym wynikiem
Percentyl według liczby udzielonych odpowiedzi
Twoja historia wyników
Nie rozwiązałeś tego quizu